000 00436cam a2200181ua 4500
020 _c4.50
041 _amal
_h
082 _a954
_bMAR/IN
100 _aMarx, .
245 _aIndiayude Aadhyathe Swathantria Samaram /
_cMarx.
_hTextual Documents
260 _aErnakulam :
_bC.I.C.C Book house ,
_c1964.
300 _a364 ; .
365 _a4.50
504 _a
700 1 _aEngels, .
942 _cBK
999 _c1162
_d1162